Planning Policy Statement 26 (Record no. 106033)

MARC details
000 -LEADER
fixed length control field 01281cam a2200229 4500
001 - CONTROL NUMBER
control field ##L135386
008 - FIXED-LENGTH DATA ELEMENTS--GENERAL INFORMATION
fixed length control field 061023n2006 000 0 eng u
035 ## - SYSTEM CONTROL NUMBER
System control number (Sirsi) u135386
041 0# - LANGUAGE CODE
Language code of text/sound track or separate title eng
050 04 - LIBRARY OF CONGRESS CALL NUMBER
Classification number 711.242 $2 18
110 2# - MAIN ENTRY--CORPORATE NAME
Corporate name or jurisdiction name as entry element Town and Country Planning Association
9 (RLIN) 3022
245 00 - TITLE STATEMENT
Title Planning Policy Statement 26
Remainder of title tackling climate change through planning
-- the government's objectives
-- discussion document
260 ## - PUBLICATION, DISTRIBUTION, ETC.
Place of publication, distribution, etc. London
Name of publisher, distributor, etc. TCPA
Date of publication, distribution, etc. 2006
520 ## - SUMMARY, ETC.
Summary, etc. Debates the necessary scope and contents of the DCLG's forthcoming Planning Policy Statement on climate change. Covers the delivery of sustainable communities, the case for action on climate change and the government response to climate change. Looks at the key policy principles, the policy approach and the implementation of climate change policy. Discusses the determination of planning applications.
590 ## - LOCAL NOTE (RLIN)
Local note IKA311006
650 24 - SUBJECT ADDED ENTRY--TOPICAL TERM
Topical term or geographic name entry element PLANNING POLICY STATEMENT 26
651 #4 - SUBJECT ADDED ENTRY--GEOGRAPHIC NAME
Geographic name England
Chronological subdivision 886-
690 ## - LOCAL SUBJECT ADDED ENTRY--TOPICAL TERM (OCLC, RLIN)
Topical term or geographic name as entry element ENVIRONMENTAL AND LAND CONSULTANCY-PLANNING AND DEVELOPMENT-PLANNING GUIDANCE
710 2# - ADDED ENTRY--CORPORATE NAME
Corporate name or jurisdiction name as entry element Friends of the Earth
9 (RLIN) 2325
856 40 - ELECTRONIC LOCATION AND ACCESS
Uniform Resource Identifier <a href="https://www.foe.co.uk/resource/briefings/pps26_discussion_paper.pdf">https://www.foe.co.uk/resource/briefings/pps26_discussion_paper.pdf</a>
Public note View the discussion document free of charge at the www.foe.co.uk website.
942 ## - ADDED ENTRY ELEMENTS (KOHA)
Suppress in OPAC 0
Holdings
Withdrawn status Lost status Source of classification or shelving scheme Damaged status Not for loan Home library Current library Shelving location Date acquired Total Checkouts Full call number Barcode Date last seen Copy number Price effective from Koha item type
    Dewey Decimal Classification     Virtual Virtual Online 23/10/2006   ONLINE PUBLICATION 135386-2001 06/08/2019 1 06/08/2019 Book